000 01513nam0a2200337 4500
001 RU\NLR\ONL1\22282
005 20250613223547.0
035 _a(NLR Aleph) 010208003
090 _a10261542
_c10261542
100 _a20130222d1939 |||y0rusy50 ca
101 0 _apem
102 _aRU
105 _ay |||||||||
135 _acrmn mmmapaba
200 1 _aКоми кыв программа
_eнач. да шöрöт школаэз 1-7 кл. понда
_f[сост. А. Т. Мошегова да А. М. Спорова]
210 _aКудымкар
_cКомипермгиз
_d1939
215 _a50,[2] c.
_d22
325 _aКопия доступна в электронной библиотеке РНБ
541 1 _aПрограммы коми-пермяцкого языка
_e[для 1-7 классов]
_zrus
606 0 _aКоми-пермяцкий язык
_xПреподавание
_xСредняя школа
_92175392
_3RU\NLR\auth-onl\6682
686 1 _aЧ426.151
702 1 _aМошегова
_bА. Т.
_gАнна Трофимовна
_4220
702 1 _aСпорова
_bА. М.
_4220
801 0 _aRU
_bNLR
_c20130222
_gPSBO
852 _aNLR
_bОНЛ
_jКоми-п./3-68
901 _eКнижные издания: ОНЛ
942 _cBOOK
980 _aNB
981 2 3 _a(23) Национальные литературы
_b(23) Книги на национальных языках